| 000 | 01003nam a2200265Ia 4500 | ||
|---|---|---|---|
| 001 | 10758 | ||
| 003 | GE_BSU | ||
| 008 | 181216s||||||||xx |||||||||||||| ||und|| | ||
| 020 | _a9789941406294 | ||
| 040 | _cGE_BSU | ||
| 100 | _aჰეივუდი,ენდრიუ | ||
| 245 | _aპოლიტიკა | ||
| 245 | _b[პოლიტიკა,პოლიტოლოგია] | ||
| 245 | _cმთარგმნ:გია ჭუმბურიძე; ზაზა ჭელიძე. | ||
| 250 | _aმე-3 გამოც. | ||
| 260 | _aთბილისი | ||
| 260 | _bსაქართველოს უნ-ტი;საქართველოს მაცნე. | ||
| 260 | _c2008 | ||
| 300 | _a570გვ;24სმ. | ||
| 300 | _bფოტ. | ||
| 300 | _eპოლიტ.ცნებათა ლექსიკონი გვ:542-570 | ||
| 541 | _h42ლ. | ||
| 653 | _aპოლიტიკა:[პოლიტიკა,პოლიტოლოგია] | ||
| 942 | _cBK | ||
| 999 |
_c44008 _d44008 |
||